00325 a2200109 450000500170000002000180001708200210003510000200005624500400007626000350011630000640015120250613063623.0 a0-905440-63-3 aLECT 658.409 MAR aMARGERISON, C.  aHow to assess your managerial style aWest Yorkshire, bMCB, c1979. a132p.: ill.; chart, figure, graph, picture, table. c23cm.